[Event "GM Clarion Congress Hotel 2020"]
[Site "Ceske Budejovice"]
[Date "2020.07.03"]
[Round "3.1"]
[White "Malinovsky, Karel"]
[Black "Stefansson, Hannes"]
[Result "1-0"]
[WhiteElo "2459"]
[BlackElo "2542"]
[Annotator "TA"]
[PlyCount "91"]
[EventDate "2020.07.01"]
[EventType "tourn"]
[EventCountry "CZE"]
[SourceTitle "playchess.com"]
[Source "ChessBase"]
[SourceQuality "1"]

{[%evp 16,91,56,9,28,-54,-54,-43,-54,-48,-52,-52,-36,-73,-46,-45,-58,-55,-51,-50,-40,-55,-20,-32,-20,-27,-22,-22,0,0,0,0,0,0,0,-7,-2,-27,-6,0,1,14,40,6,0,15,8,0,18,15,54,54,54,68,64,67,92,64,100,69,192,177,415,410,471,463,454,430,1251,1121,29969,29970,29971,29972,29938,29937,29983,29984]} 1. e4 e5 2. Nf3 Nc6 3. Bb5 a6 4. Ba4 Nf6 5. O-O b5 6. Bb3 Bc5 7. c3 d6 8. d4 Bb6 9. Be3 Bg4 {C78: Ruy Lopez: Archangelsk and Möller Defences.} 10. d5 ({White should play} 10. Nbd2 $11) 10... Bxe3 $15 11. fxe3 Na5 {Black is slightly better.} 12. Nbd2 Nxb3 {[#]} 13. Qxb3 $146 ({Predecessor:} 13. axb3 c6 14. dxc6 Qb6 15. Qe1 O-O 16. Nh4 Nh5 17. h3 Be6 18. g4 Nf4 19. Kh2 {0-1 (54) Berelowitsch,A (2505)-Onischuk,A (2580) Meisdorf 1996}) 13... O-O 14. a4 Qb8 15. h3 Bd7 16. a5 Qa7 17. Rae1 Ne8 18. Kh2 g6 19. Re2 Ng7 20. Ne1 c5 21. dxc6 Be6 22. Qa3 Qc7 23. Nd3 {Threatening Nb4.} Qxc6 24. Nb4 Qb7 25. Ref2 Rad8 26. b3 f5 27. c4 Rf7 28. Nd5 Ne8 (28... Bxd5 {with more complications.} 29. cxd5 Qa7 30. Rf3 Rc7 31. exf5 Nxf5 32. b4 Rc2) 29. Qb4 (29. exf5 {seems wilder.} Rxf5 30. e4 Rxf2 31. Rxf2 Rd7 32. Nf3) 29... bxc4 30. Qxb7 Rxb7 31. bxc4 Bxd5 32. cxd5 Ng7 33. g4 fxg4 34. hxg4 Rc7 35. Rb1 Rf8 36. Rxf8+ Kxf8 $16 {[%mdl 4096] Endgame KRN-KRN} 37. Kg3 Rc2 {[#] Loses the game.} (37... Ne8 $14) 38. Nf3 $1 $18 Re2 $2 (38... Ne8 {was called for.} 39. Ng5 Nf6) 39. Ng5 h5 40. Rf1+ Kg8 41. Ne6 Rxe3+ (41... Nxe6 $142 42. dxe6 (42. Kf3 Ra2 $15) 42... Rb2) 42. Kh4 {[#] White threatens Rf8+ and mate.} Nxe6 43. dxe6 {White mates.} Rc3 44. gxh5 gxh5 45. Kxh5 Rh3+ 46. Kg6 {Accuracy: White = 84%, Black = 58%.} 1-0

[Event "GM Clarion Congress Hotel 2020"]
[Site "Ceske Budejovice"]
[Date "2020.07.03"]
[Round "3.2"]
[White "Kraus, Tomas"]
[Black "Donchenko, Alexander"]
[Result "1/2-1/2"]
[WhiteElo "2449"]
[BlackElo "2646"]
[Annotator "TA"]
[PlyCount "116"]
[EventDate "2020.07.01"]
[EventType "tourn"]
[EventCountry "CZE"]
[SourceTitle "playchess.com"]
[Source "ChessBase"]
[SourceQuality "1"]

{[%evp 11,116,-4,25,13,27,0,0,0,12,0,2,0,0,0,0,0,0,0,0,0,0,0,0,0,25,-23,56,47,83,82,77,54,61,27,27,33,28,9,42,16,14,0,0,-11,8,0,40,45,40,38,47,-2,22,0,0,-7,0,-33,-35,-664,-158,-640,-640,-570,-93,-88,0,-189,0,0,0,0,0,0,0,0,0,0,0,0,0,0,0,0,0,0,0,0,0,0,0,0,0,0,0,0,0,0,0,0,0,0,0,0,0,0,0]} 1. e4 c6 2. d4 d5 3. exd5 cxd5 4. c4 Nf6 5. Nc3 Nc6 6. Bf4 a6 7. c5 {B13: Caro-Kann: Exchange Variation and Panov-Botvinnik Attack.} g6 8. Be2 Bg7 9. Nf3 O-O 10. h3 b6 {[#]} 11. Ne5 $146 ({Predecessor:} 11. Na4 bxc5 12. Nxc5 Ne4 13. Nb3 a5 14. Rc1 Qb6 15. O-O a4 16. Nc5 Nxc5 17. dxc5 Qxb2 18. Qxd5 Qxe2 19. Qxc6 {0-1 (43) Kalata,P (2170)-Straubinger,D (2322) Slovakia 2019}) 11... Bb7 12. Na4 $1 {[%cal Ra4b6]} bxc5 13. Nxc5 Qa5+ 14. Bd2 Qc7 15. Bf4 {aiming for Nxg6!} Qa5+ 16. Bd2 Qc7 17. Bf4 g5 18. Bg3 Qa5+ (18... Ne4 $11 19. Nxe4 dxe4) 19. Kf1 $14 Nxe5 20. Bxe5 Bc8 21. h4 g4 22. h5 {Threatens to win with h6.} Ne4 23. Bxg7 Kxg7 24. h6+ Kh8 $1 25. Rh5 f5 26. Nxe4 dxe4 27. Bxg4 Be6 28. Be2 Rad8 29. Qc1 Qb4 30. Qc7 Qd6 31. Qa7 Qxd4 32. Qxe7 Qxb2 33. Re1 $132 {[%mdl 2048] White has counterplay} Qf6 34. Qa3 f4 35. Qxa6 $2 {[%mdl 8192]} (35. f3 $15) 35... Rg8 $2 (35... f3 $1 $19 {[%cal Rf3g2] and Black stays clearly on top. ( -> ...fxg2+)} 36. gxf3 exf3) 36. Bc4 $2 {[#]} (36. Qa3 $17) 36... Rd6 $3 $19 {[%mdl 512]} 37. Qb5 (37. Qxd6 Bxc4+) 37... Rb6 $2 (37... Bxc4+ $1 $19 {has better winning chances.} 38. Qxc4 e3) 38. Qa4 $17 {[#]} Qd4 (38... Qg6 $1 $17 {[%mdl 512]} 39. Rh2 e3 $1 {[%mdl 512]}) 39. Bb5 $2 {[#]} (39. Bb3 $1 $11 {and White stays safe.} Qxa4 40. Bxa4) 39... Qxa4 $2 ({Better is} 39... Qc3 $1 $19 {And now ...Rxb5! would win.} 40. Qxe4 Rxb5 {[%mdl 64] Remove Defender, Decoy} 41. Rxb5 Bc4+ {[%mdl 64] Double Attack} 42. Kg1 Bxb5 43. Qe5+ Qxe5 44. Rxe5 Bc6) 40. Bxa4 $11 {The position is equal.} f3 41. Bb3 $1 Bxb3 42. axb3 fxg2+ {[%mdl 4096] Endgame KRR-KRR} 43. Kg1 Rxb3 44. Rh2 e3 45. fxe3 Rb2 46. e4 Rg6 47. e5 Kg8 48. e6 {e7 is the strong threat.} Kf8 49. e7+ Ke8 50. Rh3 Rf6 51. Rg3 {White threatens Rg8+ and mate.} Rf1+ $1 52. Rxf1 gxf1=Q+ 53. Kxf1 {Strongly threatening Rg7.} Kxe7 {KR-KR} 54. Rg7+ Kf6 55. Rxh7 Kg6 56. Rh8 Rh2 57. Kg1 Rxh6 58. Rxh6+ Kxh6 {Accuracy: White = 73%, Black = 74%.} 1/2-1/2

[Event "GM Clarion Congress Hotel 2020"]
[Site "Ceske Budejovice"]
[Date "2020.07.03"]
[Round "3.3"]
[White "Michalik, Peter"]
[Black "Mikes, Jan"]
[Result "1-0"]
[WhiteElo "2585"]
[BlackElo "2373"]
[Annotator "TA"]
[PlyCount "161"]
[EventDate "2020.07.01"]
[EventType "tourn"]
[EventCountry "CZE"]
[SourceTitle "playchess.com"]
[Source "ChessBase"]
[SourceQuality "1"]

{[%evp 15,161,29,25,37,27,31,27,29,30,18,36,4,5,10,15,16,26,22,26,26,22,10,10,18,12,8,43,60,52,2,27,23,67,67,69,48,81,41,31,22,100,95,97,104,166,151,166,139,134,141,141,129,130,94,104,92,120,115,121,42,41,42,90,83,91,8,422,309,314,169,464,449,518,506,497,469,402,293,908,900,896,496,803,797,797,797,1153,1037,1027,1027,919,788,1027,788,788,770,839,801,360,76,83,83,83,83,83,83,83,83,5193,5423,906,3176,1008,906,755,737,722,722,722,675,29958,29952,6613,720,29971,29969,29968,675,29975,29976,29977,29975,29977,29976,29982,29983,29983,29978,29977,29979,29983,29984,29984,29983,29983,29983,29981,29982]} 1. d4 d5 2. c4 c6 3. Nf3 Nf6 4. e3 g6 5. Be2 Bg7 6. O-O O-O 7. Qb3 $5 {[%mdl 4] Leaves trodden paths.} Qb6 8. Nc3 Bg4 9. cxd5 {D94: Grünfeld: 4 Nf3 Bg7 5 e3.} Qxb3 10. axb3 cxd5 11. b4 {White has an edge.} e6 12. Na4 {[#]} Nbd7 $146 {[%cal Bb8d7,Bd7e5,Be5c4][%mdl 32]} ({Predecessor:} 12... Nc6 13. Bd2 Ne4 14. Bc3 Rfc8 15. b5 Nxc3 16. Nxc3 Ne7 17. h3 Bxf3 18. Bxf3 b6 {½-½ (28) Sychevskyy,A (2159)-Soroka,D (2224) Lvov 2013}) 13. Bd2 Ne4 14. Be1 e5 15. h3 Bxf3 16. gxf3 Ng5 17. dxe5 Nxe5 18. Kg2 {Strongly threatening f4.} Ne6 19. f4 Nc4 20. Bc3 Rac8 21. Bxg7 Kxg7 22. b3 Nd6 23. Rfd1 $36 {[%mdl 2048] White fights for an advantage.} Rc2 24. Rxd5 Ne4 25. Re1 Rfc8 26. Re5 Nd2 $1 27. Bg4 Nxb3 (27... b6 $1 $11 {remains equal.}) 28. Rxe6 $1 $16 {Threatens to win with Re7.} fxe6 29. Bxe6 {[%mdl 64] Double Attack} Nd2 (29... Rc1 $16) 30. Bxc8 $18 Rxc8 {[%mdl 4096] Endgame KRN-KRN} 31. Nc5 b6 32. Ne6+ Kf6 33. Nd4 a5 34. bxa5 bxa5 35. Ra1 Rc5 36. Ra4 h6 37. f3 ({White should try} 37. Ra2 $16 Nc4 38. Kf3) 37... Nc4 $14 38. e4 Nb6 39. Ra2 Rc4 40. Rb2 (40. Nb5 $16) 40... Rxd4 $2 {[%mdl 8192]} (40... Nd5 $11 {and Black has nothing to worry.} 41. e5+ Kf7 42. Rb7+ Kg8) 41. Rxb6+ $11 {KR-KR} Kf7 42. Kg3 (42. Rb7+ $142 Kf8 43. Ra7) 42... Rd1 $2 (42... Rb4 43. Ra6 Rb5) 43. Rb5 $1 $18 {[%cal Rb5a5]} Rg1+ 44. Kf2 Ra1 45. f5 $1 gxf5 46. Rxf5+ Kg7 $2 (46... Ke7 47. Kg3 a4) 47. Ke3 a4 48. Kf4 a3 (48... Rh1 $142 49. Ra5 Rxh3) 49. Ra5 a2 50. h4 h5 51. Rg5+ Kf7 52. Rg2 $1 Kf6 53. Rb2 Kf7 54. Rb7+ Ke6 55. Rb6+ Kf7 56. Ra6 Kg7 57. e5 $2 (57. Kf5 $1 $18 {and the rest is easy.}) 57... Kf7 $16 58. Kf5 Rf1 59. Ra7+ Kf8 60. Rxa2 Rxf3+ 61. Kg5 {Re2 is the strong threat.} Ke7 $2 {[%mdl 8192]} (61... Re3 $16) 62. Re2 $1 $18 Rf8 63. Kxh5 Rh8+ 64. Kg5 Rg8+ 65. Kf5 Rh8 {[#]} 66. Re4 $1 Rf8+ 67. Kg6 Rg8+ 68. Kh7 Rg2 69. h5 (69. e6 $142 Rh2 70. Kg6) 69... Rh2 70. h6 Rg2 71. Kh8 (71. Rb4 $142 Ke6 72. Rb5 Rg1 73. Kh8 Kf5 74. h7 Rg6 75. Rb8 Kxe5 76. Re8+ Kf6 77. Rg8) 71... Rg6 {[#]} 72. h7 $1 {White mates.} Rg5 73. Rf4 Rg6 74. Ra4 Kf7 75. Ra7+ Kf8 76. Ra8+ Kf7 77. Rg8 Re6 78. Rg7+ Kf8 79. Rg1 Rxe5 80. Rf1+ Ke7 81. Kg7 {Accuracy: White = 74%, Black = 49%.} 1-0

[Event "GM Clarion Congress Hotel 2020"]
[Site "Ceske Budejovice"]
[Date "2020.07.03"]
[Round "3.4"]
[White "Horvath, Dominik"]
[Black "Mihok, Oliver"]
[Result "1/2-1/2"]
[WhiteElo "2446"]
[BlackElo "2552"]
[Annotator "TA"]
[PlyCount "18"]
[EventDate "2020.07.01"]
[EventType "tourn"]
[EventCountry "CZE"]
[SourceTitle "playchess.com"]
[Source "ChessBase"]
[SourceQuality "1"]

{[%evp 17,18,0,12]} 1. e4 c5 2. Nf3 e6 3. d4 cxd4 4. Nxd4 Qb6 5. Nc3 Bc5 6. Na4 Qa5+ {[#]} 7. Nc3 $146 ({Predecessor:} 7. c3 Bxd4 8. Qxd4 Nf6 9. Nc5 Nc6 10. Qd6 b6 11. Nb3 Qe5 12. Qxe5 Nxe5 13. f3 d5 14. exd5 Nxd5 15. Bd2 Bb7 16. c4 Nf6 17. Bc3 {½-½ (52) Volokitin,A (2649)-Vitiugov,N (2726) Doha 2016}) 7... Qb6 8. Na4 Qa5+ 9. Nc3 Qb6 $1 1/2-1/2

[Event "GM Clarion Congress Hotel 2020"]
[Site "Ceske Budejovice"]
[Date "2020.07.03"]
[Round "3.5"]
[White "Cernousek, Lukas"]
[Black "Yankelevich, Lev"]
[Result "1-0"]
[WhiteElo "2458"]
[BlackElo "2461"]
[Annotator "ChessBase"]
[PlyCount "63"]
[EventDate "2020.07.01"]
[EventType "tourn"]
[EventCountry "CZE"]
[SourceTitle "playchess.com"]
[Source "ChessBase"]
[SourceQuality "1"]
[TimeControl "40/5400+30:1800+30"]

1. d4 {[%emt 0:00:00]} d5 {[%emt 0:03:27]} 2. Nf3 {[%emt 0:00:00]} Nf6 {[%emt 0:00:05]} 3. g3 {[%emt 0:00:00]} c5 {[%emt 0:00:06]} 4. Bg2 {[%emt 0:00:00]} cxd4 {[%emt 0:00:04]} 5. O-O {[%emt 0:00:05]} Bd7 {[%emt 0:00:37]} 6. Nxd4 {[%emt 0:06:40]} e5 {[%emt 0:00:31]} 7. Nb3 {[%emt 0:00:06]} Be6 {[%emt 0:12:59]} 8. c4 {[%emt 0:02:16]} Nc6 {[%emt 0:00:30]} 9. cxd5 {[%emt 0:00:10]} Nxd5 {[%emt 0:05:47]} 10. N1d2 {[%emt 0:02:04]} Qb6 {[%emt 0:21:14]} 11. Nc4 {[%emt 0:36:25]} Qb5 {[%emt 0:01:41]} 12. Qd3 {[%emt 0:00:09]} Nc7 {[%emt 0:11:00]} 13. Nd6+ {[%emt 0:01:36]} Bxd6 {[%emt 0:00:05]} 14. Qxd6 {[%emt 0:00:07]} Bxb3 {[%emt 0:00:08]} 15. Qxc7 {[%emt 0:10:39]} Bd5 {[%emt 0:08:49]} 16. a4 {[%emt 0:18:49]} Qc4 {[%emt 0:00:22]} 17. Rd1 {[%emt 0:15:38]} Bxg2 {[%emt 0:13:18]} 18. Qd7+ {[%emt 0:00:02]} Kf8 {[%emt 0:00:05]} 19. Kxg2 {[%emt 0:00:40]} Qe4+ {[%emt 0:00:35]} 20. Kg1 {[%emt 0:01:01]} h5 {[%emt 0:00:39]} 21. Ra3 {[%emt 0:03:14]} Qxe2 {[%emt 0:02:29]} 22. Re3 {[%emt 0:00:34]} Qg4 {[%emt 0:00:18]} 23. Qxg4 {[%emt 0:00:36]} hxg4 {[%emt 0:00:02]} 24. Rd7 {[%emt 0:00:38]} Nd4 {[%emt 0:00:36]} 25. h4 {[%emt 0:00:23]} gxh3 {[%emt 0:04:46]} 26. Bd2 {[%emt 0:00:02]} h2+ {[%emt 0:02:39]} 27. Kh1 {[%emt 0:00:00]} f6 {[%emt 0:00:01]} 28. Bc3 {[%emt 0:00:17]} Ne6 {[%emt 0:05:15]} 29. f4 {[%emt 0:00:34]} Rd8 {[%emt 0:05:13]} 30. Rxd8+ {[%emt 0:00:43]} Nxd8 {[%emt 0:00:02]} 31. fxe5 {[%emt 0:00:18]} fxe5 {[%emt 0:00:32]} 32. Rxe5 {[%emt 0:01:36]} 1-0

[Event "GM Clarion Congress Hotel 2020"]
[Site "Ceske Budejovice"]
[Date "2020.07.04"]
[Round "4.1"]
[White "Stefansson, Hannes"]
[Black "Yankelevich, Lev"]
[Result "1-0"]
[WhiteElo "2542"]
[BlackElo "2461"]
[Annotator "TA"]
[PlyCount "67"]
[EventDate "2020.07.01"]
[EventType "tourn"]
[EventCountry "CZE"]
[SourceTitle "playchess.com"]
[Source "ChessBase"]
[SourceQuality "1"]

{[%evp 22,67,0,10,6,0,28,29,45,48,57,66,74,49,36,29,29,17,59,66,56,63,86,93,517,513,513,522,529,527,527,532,618,494,606,605,754,748,1612,1193,1826,1571,1291,1211,29982,29984,6399,1164]} 1. e4 e5 2. Nf3 Nc6 3. Bb5 a6 4. Ba4 Nf6 5. O-O Be7 6. Re1 b5 7. Bb3 O-O 8. a4 Bb7 9. d3 d6 10. Nc3 Na5 11. axb5 Nxb3 12. cxb3 axb5 {C88: Closed Ruy Lopez: Anti-Marshall Systems.} 13. Rxa8 Bxa8 14. Nxb5 {[#]} d5 $146 {White has an edge.} ({Predecessor:} 14... Qd7 15. Nc3 Rb8 16. Bg5 h6 17. Bxf6 Bxf6 18. Qc2 Qe6 19. Ra1 Bc6 20. Ra6 Bb7 {½-½ (46) Baklan,V (2622)-Ajrapetjan,Y (2403) Poltava 2006}) 15. exd5 Nxd5 16. Nxe5 f6 17. Nf3 Qd7 18. Nc3 Rd8 19. d4 Bb4 20. Bd2 Bf8 21. Ne4 Qb5 22. Qc2 Kh8 $2 {[%mdl 8192] [#] This move loses the game for Black.} (22... Rb8 $16 {is a better chance.}) 23. Neg5 $1 $18 {[%mdl 512]} fxg5 24. Nxg5 {[%csl Gg5][%cal Rc2h7]} Nf6 25. Nf7+ {[%mdl 64] Double Attack} Kg8 26. Nxd8 Qh5 27. Bf4 Bd5 28. h3 Qh4 29. Qxc7 Bb4 {[#]} 30. Ne6 $1 {[%csl Ge6][%cal Rc7g7]} Ne8 {[#]} 31. Qb8 $1 Qe7 32. Bg5 Qd7 33. Nc5 Bxc5 34. Qxe8+ {Accuracy: White = 84%, Black = 70%.} (34. Rxe8+ $142 Kf7 {[#]} 35. Rd8 $1 {[%mdl 512]}) 1-0

[Event "GM Clarion Congress Hotel 2020"]
[Site "Ceske Budejovice"]
[Date "2020.07.04"]
[Round "4.2"]
[White "Mihok, Oliver"]
[Black "Cernousek, Lukas"]
[Result "1-0"]
[WhiteElo "2552"]
[BlackElo "2458"]
[Annotator "TA"]
[PlyCount "77"]
[EventDate "2020.07.01"]
[EventType "tourn"]
[EventCountry "CZE"]
[SourceTitle "playchess.com"]
[Source "ChessBase"]
[SourceQuality "1"]

{[%evp 9,77,-7,-5,-26,-16,-29,-27,-27,-9,-40,-37,-31,-45,-37,-38,-91,88,88,78,22,158,104,152,160,211,196,335,229,220,218,273,265,497,491,595,568,505,178,202,209,195,195,233,236,233,233,233,232,287,295,280,268,287,279,244,214,277,257,270,245,336,326,1106,1098,810,1068,1045,1036,1164,1063]} 1. d4 Nf6 2. Nc3 d5 3. Bf4 c6 4. e3 e6 5. Bd3 Nbd7 {[#]} 6. g4 $146 {D00: 1 d4 d5: Unusual lines.} ({Predecessor:} 6. Qf3 a6 7. O-O-O Qa5 8. Kb1 b5 9. e4 b4 10. Nce2 dxe4 11. Bxe4 Nxe4 12. Qxe4 {0-1 (32) Das,A (2186)-Sidhant,M (2343) Dhaka 2018}) 6... h6 7. Qf3 Qe7 8. Qg3 {Black has an edge.} g5 9. Bc7 h5 10. h3 hxg4 11. O-O-O b5 12. Nge2 (12. Rh2 $15) 12... Nb6 $2 (12... gxh3 $17 {and life is bright. aiming for ...b4.} 13. Rxh3 Rxh3 14. Qxh3 Nc5) 13. hxg4 $16 Rg8 14. f3 (14. a3 $16) 14... Nc4 {Black is now going downhill.} (14... b4 $11 {remains equal.}) 15. e4 ({White should try} 15. Bxc4 $1 bxc4 16. a3) 15... Qb4 {[%csl Gc4][%cal Rb4b2]} 16. Bxc4 $1 bxc4 (16... Qxc4 $16 17. e5 Nd7) 17. Rde1 $18 a5 (17... Qe7 {keeps fighting.} 18. a3 Ba6) 18. a3 Qb7 19. Bd6 Bxd6 20. Qxd6 {Hoping for Rh6.} Ra7 $2 (20... Nd7 {is a better defense.} 21. exd5 cxd5) 21. Rh6 Nd7 22. Ng3 {And now exd5 would win.} Kd8 23. Rh7 $2 (23. exd5 Qb8 24. Nf5 Qxd6 25. Nxd6) 23... Qb8 24. Qxb8 Nxb8 {[#]} 25. Nh5 $1 $40 {[%mdl 128] White wants a kill.} Re7 26. Nf6 Rf8 27. e5 ({Not} 27. exd5 exd5 28. Re2 Rxe2 $14) 27... Nd7 28. Rh5 Nxf6 29. exf6 Ree8 30. Rxg5 Rh8 31. Rg7 Ref8 32. Ne2 Rh6 33. g5 Rh3 34. f4 Ke8 35. Ng1 Rh4 $2 (35... Rg3 36. f5 c3 37. bxc3 Rxc3) 36. Nf3 {White is clearly winning.} Rxf4 37. Ne5 Rf5 38. Rh1 c5 {[#]} 39. Nxf7 $1 {[%mdl 512] Accuracy: White = 74%, Black = 40%.} 1-0

[Event "GM Clarion Congress Hotel 2020"]
[Site "Ceske Budejovice"]
[Date "2020.07.04"]
[Round "4.3"]
[White "Mikes, Jan"]
[Black "Horvath, Dominik"]
[Result "1/2-1/2"]
[WhiteElo "2373"]
[BlackElo "2446"]
[Annotator "TA"]
[PlyCount "197"]
[EventDate "2020.07.01"]
[EventType "tourn"]
[EventCountry "CZE"]
[SourceTitle "playchess.com"]
[Source "ChessBase"]
[SourceQuality "1"]

{[%evp 14,197,29,15,18,10,4,0,12,0,0,-28,-30,-55,-47,-58,-67,-61,-63,-102,-54,-75,-70,-98,-54,-93,-64,-142,-51,-120,-16,-66,-32,-134,-35,-31,-38,-34,-27,-39,0,0,0,0,0,0,0,0,0,0,12,0,0,0,0,0,0,0,0,0,0,0,18,0,0,0,6,0,0,0,0,0,26,0,0,-87,-88,-85,-94,-61,-26,-110,-56,-56,-56,-56,-56,-125,-125,-124,-118,-118,-118,-125,-125,-125,-118,-125,-125,-125,-125,-125,-125,-125,-125,-125,-125,-125,-125,-125,-125,-168,-168,-168,-168,-168,-168,-168,-168,-168,-168,-168,-168,-168,-168,-168,-168,-168,-168,-168,-168,-168,-168,-168,-168,-168,-168,-168,-168,-168,-168,-168,-168,-168,-168,-168,-168,-1140,-1164,-1091,-989,-994,0,-973,-875,-973,-681,-639,-168,-168,-168,-932,-983,-939,0,-726,-718,-875,-823,-778,-764,-666,-168,-645,-168,-260,0,0,0,-463,0,-631,0,-564,0,-472]} 1. e4 d5 2. exd5 Qxd5 3. Nc3 Qa5 4. d4 Nf6 5. Nf3 c6 6. Bc4 Bf5 7. O-O {7.Ne5 is the modern continuation.} e6 8. h3 h6 {B01: Scandinavian Defence.} 9. Re1 Nbd7 10. Qe2 Be7 11. a3 Qc7 {[#]} 12. Bb3 $146 ({Predecessor:} 12. b4 Rc8 13. Bb3 a6 14. Nd1 Bd6 15. c4 O-O 16. Bb2 Rce8 17. c5 Be7 18. Ne3 {1-0 (43) Mieles Palau,D (2330)-Born,C Bento Goncalves 2000}) 12... O-O 13. g4 Bg6 14. g5 hxg5 15. Bxg5 Rae8 16. Qd2 Bd6 17. Nh4 Bh7 18. Kh1 Nd5 19. Ng2 f6 20. Be3 (20. Bh4 $15) 20... Kh8 (20... Kf7 $17 21. Qd1 Rh8) 21. Bc4 ({Better is} 21. Nxd5 $15 exd5 22. Bf4) 21... f5 ({Black should play} 21... N7b6 $17 22. Bd3 g5) 22. Bg5 N7f6 {Strongly threatening ...Nxc3.} 23. Bxf6 (23. Bxd5 $15 exd5 24. Rxe8 Rxe8 25. Bxf6 gxf6 26. Re1) 23... Nxf6 ({Black should try} 23... Nxc3 $1 $17 24. Bxg7+ Qxg7 25. Qxc3 Rg8) 24. Rxe6 $15 Rxe6 25. Bxe6 Qe7 26. Re1 Ne4 (26... Bc7 $5 {[%cal Rf6e4]} 27. f4 Ne4 28. Nxe4 fxe4 $11) 27. Nxe4 fxe4 28. Bg4 Qf6 29. Kg1 c5 30. c3 Bc7 {...Qd6 is the strong threat.} 31. Ne3 Rd8 {[%cal Rc5d4]} 32. Rd1 cxd4 33. cxd4 Qd6 34. Nf1 Bb6 35. Ne3 Bc7 36. Nf1 Bb6 37. Ne3 Qf6 {[%cal Rb6d4]} 38. Nc2 Bc7 39. Ne3 Bb6 {[%cal Rb6d4]} 40. Nc2 Bg8 41. Qc3 Rf8 42. Rd2 Qg5 43. Ne3 Be6 $36 {[%mdl 2048] And now ...Rc8 would win. Black fights for an advantage.} 44. Kf1 (44. Qb4 $11 Rd8 45. Rd1) 44... Rc8 $1 $17 {[%cal Rc8c3]} 45. Qxc8+ Bxc8 46. Bxc8 Qf6 47. Nd5 {[#]} (47. Bxb7 $11 Bxd4 48. Ng4) 47... Qf7 (47... Qh6 $1 $17 {[%cal Rh6d2]} 48. Ne3 g6) 48. Nxb6 $15 e3 49. Re2 $1 axb6 {[%mdl 4096] Endgame KQ-KRB} 50. Bg4 (50. d5 $1 $15) 50... exf2 $17 51. Be6 {[#]} Qg6 $1 {[%csl Gf2][%cal Rg6g1]} 52. Kxf2 Qf6+ {[%mdl 64] Double Attack} 53. Kg3 Qxd4 54. Bg4 Kh7 55. h4 Kg6 56. Kf3 Kf7 57. Kg3 b5 58. Kf3 {[#]} g5 $1 {[%mdl 512]} 59. hxg5 Kg6 60. Kg3 Kxg5 61. Bf3 b6 62. b4 Qf4+ 63. Kg2 Qc1 64. Kg3 Qc7+ 65. Kg2 Qc3 66. Kg3 Kf5 67. Re4 Qc1 68. Kg2 Qxa3 69. Rh4 Qb2+ 70. Kg3 Qe5+ 71. Kf2 {aiming for Rh5+.} Qf6 72. Kg3 Qd6+ 73. Kf2 Qd2+ 74. Be2 Qd8 75. Rg4 Qh8 76. Kg2 Qh6 77. Bf3 Qe3 78. Rh4 Qg5+ 79. Kh3 {intending Rh5!} Qg1 80. Bg2 $2 (80. Rg4 Qf1+ 81. Kg3) 80... Qe3+ 81. Kh2 {[#]} Qf2 $1 82. Kh3 Qe3+ 83. Kh2 Kg5 84. Re4 Qf2 85. Kh3 Qf6 $2 (85... Kf6 {Threatens to win with ...Kf5.} 86. Rg4 Qe3+ 87. Kh2 Qc3) 86. Kg3 $19 Qd6+ 87. Kh3 $2 (87. Kf3) 87... Qd3+ 88. Kh2 Qd6+ 89. Kh3 Kf5 90. Rh4 Qd1 91. Kg3 Qe1+ 92. Kh3 Kg5 $2 (92... Qc3+ 93. Kh2 Qe5+ 94. Kh3 Qe3+) 93. Re4 $2 (93. Rg4+ Kf5 94. Bf3) 93... Qf2 $2 (93... Qc3+ 94. Kh2 Kf5) 94. Re5+ (94. Rg4+ $142 Kf6 95. Bb7) 94... Kf4 $2 (94... Kf6 95. Rxb5 Qe3+ 96. Kh2 Qd4) 95. Re4+ Kf5 {White must now prevent ...Qxg2+!} 96. Rh4 $1 Qe3+ 97. Kh2 Kg5 98. Re4 Qf2 99. Kh3 {[%mdl 32768] Accuracy: White = 67%, Black = 70%. . An unexpected result.} 1/2-1/2

[Event "GM Clarion Congress Hotel 2020"]
[Site "Ceske Budejovice"]
[Date "2020.07.04"]
[Round "4.4"]
[White "Donchenko, Alexander"]
[Black "Michalik, Peter"]
[Result "1/2-1/2"]
[WhiteElo "2646"]
[BlackElo "2585"]
[Annotator "TA"]
[PlyCount "104"]
[EventDate "2020.07.01"]
[EventType "tourn"]
[EventCountry "CZE"]
[SourceTitle "playchess.com"]
[Source "ChessBase"]
[SourceQuality "1"]

{[%evp 9,104,0,10,4,4,6,0,0,1,5,16,18,15,8,22,19,27,28,36,30,33,26,29,23,40,33,48,37,97,95,81,21,48,52,54,6,38,34,51,46,67,67,68,67,70,70,68,51,51,61,85,84,89,51,98,103,109,109,109,106,106,106,109,109,109,106,100,106,118,57,57,57,57,57,74,21,21,20,81,81,81,81,81,81,81,81,81,81,81,81,81,81,81,81,81,81,81]} 1. c4 c6 2. Nf3 d5 3. g3 g6 4. Qa4 d4 5. Bg2 Bg7 6. d3 {A11: English Opening: 1...c6.} e5 7. b4 Ne7 8. Nbd2 {The position is equal.} O-O 9. O-O Nd7 10. Rb1 Qc7 {[#]} 11. Qc2 $146 ({Predecessor:} 11. Ba3 Rd8 12. Rfe1 h6 13. Rec1 Kh7 14. Ne1 f5 15. Rb2 Bf6 16. Rcb1 Nf8 17. b5 {1-0 (37) Melkumyan,H (2658)-Smirnov,A (2567) Canberra 2019}) 11... Nf6 12. a4 Bf5 13. Ba3 h6 14. Nb3 b6 15. b5 c5 16. Nh4 Rae8 17. Nxf5 Nxf5 18. a5 Nd6 (18... h5 $14) 19. axb6 $16 axb6 {[#]} 20. Nd2 (20. Nxc5 $1 $16 {[%mdl 512] Na6 is the strong threat.} bxc5 21. b6) 20... Re6 21. Bc1 Qe7 22. f3 Nf5 {White should prevent ...Ne3.} 23. Ne4 Nxe4 24. fxe4 Ne3 25. Bxe3 $1 dxe3 26. Qc1 Qg5 27. Ra1 h5 28. Rf3 Bh6 29. Ra7 Qd8 30. Qf1 {[%cal Rf3f7]} Re7 31. Ra6 Kg7 32. Rf6 Re6 33. Rxe6 fxe6 34. Qa1 Qd6 35. Bf3 Kg8 36. Kg2 Bg5 37. h4 Bd8 38. Ra8 Bc7 39. Qa7 ({Better is} 39. Ra7 $16) 39... Rxa8 $14 40. Qxa8+ Bd8 41. Kh2 Kg7 42. Bg2 (42. Qa1 $16) 42... Qe7 $11 43. Qc6 g5 (43... Kf7 $11) 44. hxg5 $16 {White is better.} Qxg5 45. Qxe6 h4 46. Qd7+ Qe7 47. Qg4+ Qg5 48. Bf3 Qxg4 49. Bxg4 hxg3+ 50. Kxg3 Bg5 51. Bh5 Kf6 52. Kf3 Bh6 {Accuracy: White = 86%, Black = 86%.} 1/2-1/2